000 00582nam a2200205 i 4500
001 55127
003 ES-MaACL
005 20250911062640.0
007 t|
008 030912s1959 sp ||||1| spa d
100 1 _aDelibes, Miguel,
_d1920-2010
_9233557
245 1 0 _aMi idolatrado hijo Sisí /
_cMiguel Delibes.
250 _a[2ª ed.].
260 _aBarcelona :
_bDestino,
_c[1959] (
_fGrafesa)
300 _a296 p. ;
_c19 cm.
490 1 _aAncora y delfín ;
_v87
830 0 0 _aÁncora y Delfín
_v87
_9151298
852 _aES-MaACL
_jC-6089
_bR.35284
999 _c55127
_d55127